Detalles MARC
| 000 -LÍDER |
| Campo fijo de descripción fija |
02063cam a2200349 i 4500 |
| 001 - NÚMERO DE CONTROL |
| Campo de control |
768714001 |
| 003 - IDENTIFICADOR DEL NÚMERO DE CONTROL |
| Campo de control |
CO-MdFUSB |
| 005 - FECHA Y HORA DE LA ULTIMA TRANSACCIÓN |
| control field |
20220426103830.0 |
| 007 - CAMPO FIJO DE DESCRIPCIÓN FIJA--INFORMACIÓN GENERAL |
| Campo fijo de descripción fija |
ta |
| 008 - ELEMENTOS DE LONGITUD FIJA -- INFORMACIÓN GENERAL |
| Campo fijo de descripción fija -- Información general |
200430t20202020miu b 001 0 eng d |
| 020 ## - NÚMERO INTERNACIONAL NORMALIZADO PARA LIBROS |
| Número Internacional Normalizado del libro |
9780310521204 |
| 040 ## - FUENTE DE CATALOGACIÓN |
| Agencia de catalogación original |
YDX |
| Idioma de catalogación |
eng |
| Convenciones de la descripción |
rda |
| Agencia que realiza la transcripción |
CO-MdFUSB |
| Agencia que realiza la modificación |
WTV |
| -- |
OCLCO |
| -- |
CDX |
| -- |
MIPRT |
| -- |
OCLCO |
| -- |
OCLCF |
| 041 ## - CÓDIGO DE IDIOMA |
| Código de idioma para texto/pista de sonido o título separado |
eng |
| 082 ## - NÚMERO DE CLASIFICACIÓN DECIMAL DEWEY |
| Número de la edición del Dewey |
23 |
| Número de clasificación |
227.06 |
| Clave de autor-Numero de item |
C187 |
| 100 1# - ASIENTO PRINCIPAL--NOMBRE PERSONAL |
| Nombre personal |
Campbell, Constantine R., |
| Término relacionador |
autor. |
| 245 10 - TÍTULO |
| Título del Material |
Paul and the hope of glory : |
| Parte restante del título - Subtitulo |
an exegetical and theological study / |
| Mención de responsabilidad, etc. |
Constantine R. Campbell. |
| 264 #1 - PRODUCCIÓN, PUBLICACIÓN, DISTRIBUCIÓN, MANUFACTURA, Y COPYRIGHT |
| Lugar de producción, publicación, distribución, manufactura |
Grand Rapids, Michigan : |
| Nombre del productor, publicador, distribuidor |
Zondervan, |
| Fecha de producción, publicación, distribución, manufactura, o copyright |
[2020] |
| 264 #4 - PRODUCCIÓN, PUBLICACIÓN, DISTRIBUCIÓN, MANUFACTURA, Y COPYRIGHT |
| Fecha de producción, publicación, distribución, manufactura, o copyright |
©2020. |
| 300 ## - DESCRIPCIÓN FÍSICA |
| Extensión |
503 páginas ; |
| Dimensiones |
23 cm. |
| 336 ## - TIPO DE CONTENIDO |
| Término de tipo de contenido |
texto |
| Código de tipo de contenido |
txt |
| Fuente |
rdacontent. |
| 337 ## - TIPO DE MEDIO |
| Nombre del tipo de medio |
sin mediación |
| Código del tipo de medio |
n |
| Fuente |
rdamedia. |
| 338 ## - TIPO DE SOPORTE |
| Nombre del tipo de soporte |
volumen |
| Código Tipo de soporte |
nc |
| Fuente |
rdacarrier. |
| 504 ## - NOTA DE BIBLIOGRAFÍA, ETC. |
| Nota de bibliografía, etc |
Incluye referencias bibliográficas e índices. |
| 505 ## - NOTA DE CONTENIDO |
| Nota de contenido con formato preestablecido |
Cuestiones preliminares: Introducción y metodología -- Historia reciente de la escatología paulina -- Estudio exegético: dos edades y dos reinos -- La parusía -- El último día -- Juicio -- Resurrección -- Vida eterna -- Herencia -- Nueva creación -- Israel -- Gloria -- Esperanza -- Estudio teológico: escatología cristocéntrica -- Escatología apocalíptica -- El siglo por venir -- Este siglo -- Conclusiones. |
| 520 ## - NOTA DE RESUMEN, ETC. |
| Nota de sumario, etc. |
En Paul and the Hope of Glory, Campbell lleva a cabo un estudio exegético completo de los elementos relevantes del lenguaje, las metáforas y las imágenes escatológicas de Paul, que incluyen "parusía", "el último día", "herencia", "esperanza" y otros. Examina cada pasaje en contexto, con el objetivo de construir inductivamente un sentido general del pensamiento de Pablo. Los resultados de este estudio exegético luego alimentan un estudio teológico que demuestra la integración del pensamiento escatológico de Pablo en su marco teológico general. De la contraportada. |
| 563 ## - NOTA DE ENCUADERNACIÓN |
| Nota de encuadernación |
Rústico |
| 630 #7 - TITULO UNIFORME |
| Título uniforme |
Biblia. |
| Nombre de parte o sección de la obra |
Epístolas Paulinas |
| Subdivisión de materia general |
Teología |
| 650 #7 - ASIENTO SECUNDARIO DE MATERIA - TERMINO TEMÁTICO |
| 9 (RLIN) |
213 |
| Término temático o nombre geográfico como elemento de entrada |
Escatología |
| 942 ## - TIPO DE MATERIAL (KOHA) |
| Tipo de Item KOHA |
Libros General |
| 945 ## - INFORMACIÓN LOCAL DEL REGISTRO |
| Catalogador |
JTF-925 |